000 00774cab a2200229 4500
001 ABS68586
008 041214n2004 000 0 eng u
035 _a(Sirsi) u128300
100 _aKitching, R.
245 _aRecovery rate
260 _c2004
490 _aNew Civil Engineer
_v18 November 2004, 27(1)
520 _aReports on the new ICE Demolition Protocol which aims to minimise construction waste by mapping out how materials can be recovered from demolition and specified in new building projects.
590 _aABS
650 _aDEMOLITION
650 _aWASTE MINIMISATION
650 _aNEW BUILDINGS
650 _aENVIRONMENTAL ISSUES
650 _aCONSTRUCTION WASTE
690 _aENVIRONMENTAL AND LAND CONSULTANCY-WASTE MANAGEMENT
942 _n0
999 _c74670
_d74670